Un pequeño libro para un gran paso : del paradigma de la enseñanza al paradigma del aprendizaje /

Detalles Bibliográficos
Autor principal: Guillén Guerrero, Gabriela (Autor)
Formato: Electrónico eBook
Lenguaje:español
Publicado: Cuenca, Ecuador : Universidad del Azuay, Casa Editora, [2018]
Materias:
Acceso en línea:Digitalia Hispánica

MARC

LEADER 00000nam a2200000 i 4500
001 DIGUAZUAY0066
003 NyNyDIG
007 cr |||||||||||
008 251210s2018 ec a ob 000 0 spa d
006 m o d
035 |a (OCoLC)1420743461 
040 |a DGITA  |b eng  |e rda  |e pn  |c DGITA 
020 |a 9789942822246  |q eBook 
050 1 4 |a LB1727 ebook 
100 1 |a Guillén Guerrero, Gabriela,  |e author. 
245 1 3 |a Un pequeño libro para un gran paso :  |b del paradigma de la enseñanza al paradigma del aprendizaje /  |c Gabriela Guillén Guerrero. 
264 1 |a Cuenca, Ecuador :  |b Universidad del Azuay, Casa Editora,  |c [2018] 
300 |a 1 online resource :  |b illustrations. 
336 |a text  |b txt  |2 rdacontent 
337 |a computer  |b c  |2 rdamedia 
338 |a online resource  |b cr  |2 rdacarrier 
347 |a text file  |2 rdaft 
347 |b PDF 
504 |a Includes bibliographical references. 
588 0 |a Online resource; title from PDF title page (Digitalia, viewed December 10, 2025) 
650 0 |a Teachers  |x Training of. 
650 0 |a Teaching. 
650 0 |a Educational innovations. 
791 2 |a Digitalia (Firm),  |e distributor. 
793 0 |g Digitalia eBook Collection:  |a Universidad del Azuay 
856 4 0 |3 Digitalia Hispánica  |u https://www.digitaliapublishing.com/a/133449/ 
910 |a Premium collection: 2025